| 000 | 01162cam a2200241 4500 | ||
|---|---|---|---|
| 001 | ABS66267 | ||
| 008 | 021218n2002 000 0 eng u | ||
| 035 | _a(Sirsi) u120836 | ||
| 100 | _aHowe, C | ||
| 245 | _aGreat expectations | ||
| 260 | _c2002 | ||
| 490 |
_aRICS Building Surveying Faculty News _v (5) October 2002, 8-11(4) |
||
| 520 | _aExplores the principles of the surveyor's role in dilapidations issues. Concludes that it calls for a knowledge of building construction, the drafting of contracts and modern law. Issues examined include damages and forfeitures, quitting the premises and schedules of condition. Points out that the landlord's opportunity to pursue a tenant for 'interim dilapidations' is seriously curtailed by three historic statutes: Law of Property Act 1925, Landlord and Tenant Act 1927 and Leasehold Properties(Repairs) Act 1938 | ||
| 590 | _aABS | ||
| 650 | _aSCHEDULES OF CONDITION | ||
| 650 | _aDAMAGES | ||
| 650 | _aFORFEITURE | ||
| 650 | _aLAW OF PROPERTY ACT 1925 | ||
| 650 | _aLANDLORD AND TENANT ACT 1927 | ||
| 650 | _aLEASEHOLD PROPERTIES (REPAIRS) ACT 1938 | ||
| 690 |
_aDilapidations _96235 |
||
| 942 | _n0 | ||
| 999 |
_c71816 _d71816 |
||